000 00396nam a2200157Ia 4500
008 230917s9999||||xx |||||||||||||| ||und||
040 _e228957
_aMAIN
041 _aEnglish
082 _a510.2462 G869H(43)
100 _aGrewal, B S
245 0 _aHigher engineering mathematics
250 _a43rd ed.
260 _aNew Delhi
_bKhanna Publishers
_c2015
300 _axi, 1315 p.
942 _cBK
999 _c180362
_d180362